Gaming Quiz

Random Gaming or Nintendo Quiz

Find the Mario Party Minigames Quiz Stats

 Plays Quiz Updated Jan 7, 2018

Challenge
Share
Tweet
Score 0/12 Timer 02:00
0 Plays Today
% Correct
Bowl Over
95%
Face Lift
93.2%
Pipe Maze
93.1%
Slot Car Derby
91.8%
Paddle Battle
91.8%
Deep Sea Divers
91.5%
Balloon Burst
91%
Mario Bandstand
90.6%
Tug o' War
88.8%
Tightrope Treachery
85.8%
Tipsy Tourney
84.6%
Handcar Havoc
82.3%

You're not logged in!

Compare scores with friends on all Sporcle quizzes.
Join for Free
OR
Log In

You Might Also Like...

Show Comments

Extras

Top Quizzes Today


Score Distribution

Your Account Isn't Verified!

In order to create a playlist on Sporcle, you need to verify the email address you used during registration. Go to your Sporcle Settings to finish the process.

Report this User

Report this user for behavior that violates our Community Guidelines.

Details: